| 000 | 00673nam a2200229 a 4500 | ||
|---|---|---|---|
| 999 |
_c7754 _d7754 |
||
| 001 | 7754 | ||
| 003 | BD-JhCC | ||
| 005 | 20180213165237.0 | ||
| 008 | 180213s2003 bg |||| ||a| 000 0 ben d | ||
| 020 | _a9844103363 | ||
| 035 | _a(BD-JhCC)7754 | ||
| 040 |
_aBD-JhCC _dBD-JhCC |
||
| 041 | _aben | ||
| 082 |
_a954.92 _bMUR 2003 |
||
| 100 | _aমুরশিদ,গোলাম . | ||
| 245 |
_aউজান স্রোতে বাংলাদেশ / _cগোলাম মুরশিদ. |
||
| 260 |
_aঢাকা : _bমাওলা ব্রাদার্স ; _c2003 . |
||
| 300 |
_a235 p. : _c22 cm. |
||
| 651 | _aBangladesh | ||
| 942 |
_2lcc _cBK |
||